Scooby-Doo and the cyber chase [

General viewing for all ages (U)

Bibliographic Details
Main Author: Stenstrum, Jim
Format: Book
Published: s.l : Warner Bros , 2001
Subjects:

MARC

LEADER 00000cam a2200000 7i4500
001 0000088388
005 20051213.0
090 0 0 |a JF   |b SCO 
100 1 |a Stenstrum, Jim 
245 1 0 |a Scooby-Doo and the cyber chase [  |h video compact disc]   |c Jim Stenstrum 
260 |a s.l :   |b Warner Bros ,   |c 2001 
300 |a 2 Video compact disc (80 minutes) :   |b col 
500 |a Library has 6 copies 
520 0 |a General viewing for all ages (U) 
650 0 0 |a Cartoon and carricatures   |x AV collection 
999 |a AV 09835   |b VIDEO COMPACT DISC   |c PINJAMAN   |e PERPUSTAKAAN KOMUNITI PETALING JAYA 
999 |a AV 09836   |b VIDEO COMPACT DISC   |c PINJAMAN   |e PERPUSTAKAAN KOMUNITI PETALING JAYA 
999 |a AV 10718   |b VIDEO COMPACT DISC   |c PINJAMAN   |e PERPUSTAKAAN KOMUNITI PETALING JAYA 
999 |a AV 14275   |b VIDEO COMPACT DISC   |c PINJAMAN   |e PERPUSTAKAAN KOMUNITI PETALING JAYA 
999 |a AV 14276   |b VIDEO COMPACT DISC   |c PINJAMAN   |e PERPUSTAKAAN KOMUNITI PETALING JAYA